000 00822nam a2200205Ia 4500
005 20241216011408.0
008 190429s9999||||xx |||||||||||||| ||und||
082 _a371.332
_bR77
100 _aROJAS ESTEBAN JESUS VICTOR
245 0 _aORGANIZADORES DEL CONOCIMIENTO EN EL APREDIZAJE DE LOS TRIANGULOS CONGRUENTES EN LOS ESTUDIANTES DEL TERCER GRADO DE EDUCACION SECUNDARIA I.E. MARIA PARADO DE BELLIDO - PASCO
250 _a0
260 _aCERRO DE PASCO-PERU
_bUNDAC
_c2015
300 _a96 pag.
_c30 cm.
341 _h0
490 _v0
_a0
505 _aPLANTEAMIENTO DEL PROBLEMA/ MARCO DE REFERENCIA/ MATERIALES Y METODOS/ RESULTADOS Y DISCUSION/ CONCLUCIONES Y RECOMENDACIONES/ BIBLIOGRAFIA Y ANEXOS
541 _aD
_bROJAS ESTEBAN, JESUS
_d25-Aug-16
_oSoles
650 _aMatemática Y F¡sica
942 _cTESIS
999 _c40697
_d40697